[Event "CAN-ch U20 2000"]
[Site "Montreal CAN"]
[Date "2000.05.06"]
[Round "6"]
[White "Reddy, Tyler"]
[Black "Ramaswamy, Kishor"]
[Result "0-1"]
[WhiteElo "2185"]
[BlackElo "1525"]
[PlyCount "48"]
[GameId "2160767911724467"]
[EventDate "2000.05.03"]
[EventType "swiss"]
[EventRounds "8"]
[EventCountry "CAN"]

1. c4 e5 2. g3 Nf6 3. Bg2 Nc6 4. Nc3 Bb4 5. Nd5 O-O 6. Nxb4 Nxb4 7. Nf3 Re8 8. O-O d6 9. b3 Be6 10. Bb2 Qd7 11. Ng5 c6 12. Nxe6 Qxe6 13. a3 Na6 14. Rc1 Rac8 15. b4 d5 16. b5 cxb5 17. cxb5 Nc7 18. Qb3 Nd7 19. Rc2 d4 20. Qxe6 Nxe6 21. Rxc8 Rxc8 22. Bxb7 Rc2 23. Bc1 Ndc5 24. Bd5 Nc7 0-1

[Event "CAN-ch U20 2000"]
[Site "Montreal CAN"]
[Date "2000.05.06"]
[Round "6"]
[White "Robichaud, Martin"]
[Black "Bachand-Fleurent, Julien"]
[Result "0-1"]
[WhiteElo "1945"]
[BlackElo "1899"]
[PlyCount "50"]
[GameId "2160767911724468"]
[EventDate "2000.05.03"]
[EventType "swiss"]
[EventRounds "8"]
[EventCountry "CAN"]

1. e4 e6 2. d4 d5 3. Nd2 Nf6 4. e5 Nfd7 5. Bd3 c5 6. c3 Nc6 7. Ne2 Qb6 8. Nf3 cxd4 9. cxd4 f6 10. exf6 Nxf6 11. O-O Bd6 12. Re1 O-O 13. Nc3 Bd7 14. a3 Kh8 15. Bc2 Rac8 16. Qd3 g6 17. Bh6 Rf7 18. Na4 Qc7 19. Ng5 Re7 20. Qf3 Ng8 21. Bxg6 hxg6 22. Bf8 Rxf8 23. Qxf8 Bxh2+ 24. Kf1 Nxd4 25. Nc3 Bb5+ 0-1

[Event "CAN-ch U20 2000"]
[Site "Montreal CAN"]
[Date "2000.05.06"]
[Round "6"]
[White "Vaingorten, Yaaqov"]
[Black "Guo, Joshua"]
[Result "1/2-1/2"]
[WhiteElo "2253"]
[BlackElo "2202"]
[PlyCount "128"]
[GameId "2160767911724470"]
[EventDate "2000.05.03"]
[EventType "swiss"]
[EventRounds "8"]
[EventCountry "CAN"]

1. Nf3 c5 2. c4 Nc6 3. Nc3 g6 4. g3 Bg7 5. Bg2 Nf6 6. O-O O-O 7. d4 cxd4 8. Nxd4 Qb6 9. Nb3 d6 10. Be3 Qd8 11. Rc1 Be6 12. c5 d5 13. Nd4 Bc8 14. Nxc6 bxc6 15. Bd4 Qc7 16. f4 a5 17. Be5 Qa7 18. Qd4 Bf5 19. Rfd1 Rfd8 20. b3 h5 21. Na4 Ne8 22. Bxg7 Nxg7 23. e3 Ne6 24. Qe5 Rab8 25. Rd2 Qc7 26. Qxc7 Nxc7 27. h3 Kf8 28. Rcd1 Ke8 29. Kf2 Na6 30. Rc1 f6 31. Bf1 Nc7 32. Bg2 Na6 33. Rc3 Nc7 34. Rd1 Nb5 35. Rcc1 Nc7 36. Nc3 Ne6 37. e4 dxe4 38. Nxe4 Rxd1 39. Rxd1 Rd8 40. Nc3 Rxd1 41. Nxd1 Kd7 42. Ne3 Bd3 43. Ke1 Nxc5 44. Nc4 a4 45. Nb6+ Kc7 46. Nxa4 Nxa4 47. bxa4 Bc4 48. Be4 f5 49. Bc2 Bxa2 50. Kd2 Kb6 51. Kc3 Bd5 52. Kd4 Bg2 53. Bb3 Bxh3 54. Bf7 Ka5 55. Kc4 Kxa4 56. Kc5 Bg4 57. Bxg6 Kb3 58. Kxc6 Kc3 59. Kd7 Kd3 60. Kxe7 Ke3 61. Kf6 Kf3 62. Bxf5 Bxf5 63. Kxf5 Kxg3 64. Kg6 Kxf4 1/2-1/2

[Event "CAN-ch U20 2000"]
[Site "Montreal CAN"]
[Date "2000.05.06"]
[Round "7"]
[White "Feoktistov, Dmitri"]
[Black "Johnson, Kyle"]
[Result "1-0"]
[WhiteElo "1937"]
[BlackElo "1584"]
[PlyCount "131"]
[GameId "2160767911724472"]
[EventDate "2000.05.03"]
[EventType "swiss"]
[EventRounds "8"]
[EventCountry "CAN"]

1. d4 Nf6 2. c4 e6 3. Nc3 Bb4 4. e3 c5 5. Nf3 d5 6. a3 Bxc3+ 7. bxc3 Nbd7 8. a4 O-O 9. Be2 b6 10. O-O Ba6 11. cxd5 Bxe2 12. Qxe2 exd5 13. Ba3 Rc8 14. Rfd1 Re8 15. Rac1 c4 16. Nd2 Ne4 17. Nf1 f5 18. f3 Nef6 19. Qc2 g6 20. Re1 Rc6 21. Re2 Rce6 22. Rce1 Qa8 23. Ng3 Qc6 24. h4 h5 25. Nh1 Kg7 26. Nf2 Nf8 27. Nh3 N8h7 28. Nf4 Rd6 29. Bxd6 Qxd6 30. Qb2 Nf8 31. a5 Ne6 32. axb6 axb6 33. Rb1 Re7 34. Kf1 Nd7 35. g3 Nxf4 36. exf4 Rf7 37. Rbe1 Nf8 38. Re5 Rd7 39. Qe2 Kh6 40. Re7 Rxe7 41. Qxe7 Qxe7 42. Rxe7 Nh7 43. Re6 b5 44. Rb6 Kg7 45. Rxb5 Nf6 46. Ke2 Kf7 47. Rb7+ Ke6 48. Rg7 Ne8 49. Rxg6+ Kf7 50. Ra6 Ng7 51. Kd2 Ne6 52. Rd6 Kf6 53. Rxd5 Ng7 54. Rc5 Ne6 55. Rxc4 Kg6 56. d5 Nf8 57. Ke3 Kf6 58. Kd4 Ke7 59. Ra4 Nd7 60. c4 Kd8 61. c5 Kc7 62. c6 Nb6 63. Ra7+ Kd6 64. Rb7 Nxd5 65. Rd7+ Kxc6 66. Rxd5 1-0

[Event "CAN-ch U20 2000"]
[Site "Montreal CAN"]
[Date "2000.05.06"]
[Round "7"]
[White "Guo, Joshua"]
[Black "Bluvshtein, Mark"]
[Result "1-0"]
[WhiteElo "2202"]
[BlackElo "2283"]
[PlyCount "49"]
[GameId "2160767911724475"]
[EventDate "2000.05.03"]
[EventType "swiss"]
[EventRounds "8"]
[EventCountry "CAN"]

1. e4 e6 2. d4 d5 3. e5 c5 4. c3 Nc6 5. Nf3 Qb6 6. Bd3 cxd4 7. cxd4 Bd7 8. O-O Nxd4 9. Nxd4 Qxd4 10. Nc3 Qb6 11. Qe2 O-O-O 12. Kh1 Ne7 13. f4 g6 14. Be3 Qa5 15. a3 Nc6 16. b4 Qc7 17. Nb5 Qb8 18. Rfc1 a6 19. Na7+ Kc7 20. b5 axb5 21. Nxb5+ Kc8 22. Qb2 Be8 23. Na7+ Kd7 24. Bb5 Ke7 25. Qb4+ 1-0

[Event "CAN-ch U20 2000"]
[Site "Montreal CAN"]
[Date "2000.05.06"]
[Round "7"]
[White "Gushuliak, Justin"]
[Black "Egorov, Mikhail"]
[Result "1/2-1/2"]
[WhiteElo "2097"]
[BlackElo "1962"]
[PlyCount "69"]
[GameId "2160767911724476"]
[EventDate "2000.05.03"]
[EventType "swiss"]
[EventRounds "8"]
[EventCountry "CAN"]

1. e4 e5 2. Nf3 Nc6 3. Bb5 Bc5 4. c3 d5 5. Nxe5 Qg5 6. d4 Qxg2 7. Qf3 Qxf3 8. Nxf3 dxe4 9. Ng5 Bd6 10. Nxe4 Nge7 11. Nxd6+ cxd6 12. Bf4 d5 13. Nd2 Be6 14. O-O-O O-O 15. Rde1 Rac8 16. Kb1 Bf5+ 17. Ka1 f6 18. Bd6 Rfe8 19. Re3 Kf7 20. Nb3 Be4 21. Rxe4 dxe4 22. Bc4+ Kg6 23. Be6 b6 24. Rg1+ Kh6 25. h4 g5 26. hxg5+ fxg5 27. Bxc8 Nxc8 28. d5 Nxd6 29. dxc6 Nf5 30. Nd2 Rc8 31. Nxe4 Rxc6 32. Nxg5 Rg6 33. f4 Kg7 34. Rd1 Rd6 35. Rg1 1/2-1/2

[Event "CAN-ch U20 2000"]
[Site "Montreal CAN"]
[Date "2000.05.06"]
[Round "7"]
[White "Kenney, Jason"]
[Black "Cormos, Eugene"]
[Result "1/2-1/2"]
[WhiteElo "1907"]
[BlackElo "2069"]
[PlyCount "78"]
[GameId "2160767911724477"]
[EventDate "2000.05.03"]
[EventType "swiss"]
[EventRounds "8"]
[EventCountry "CAN"]

1. d4 d5 2. c4 e6 3. Nc3 Nf6 4. cxd5 exd5 5. Bg5 Be7 6. e3 c6 7. Bd3 O-O 8. Qc2 Nbd7 9. Nge2 Re8 10. O-O Nf8 11. f3 h6 12. Bh4 Ne6 13. Rad1 Qa5 14. Bxf6 Bxf6 15. Ng3 Nf8 16. Rfe1 Bd7 17. Qf2 g6 18. e4 Ne6 19. e5 Bh4 20. f4 Ng7 21. Bb1 Nf5 22. Qf3 Bxg3 23. hxg3 h5 24. Bxf5 Bxf5 25. Rd2 Rad8 26. a3 Re7 27. Qf2 Qc7 28. Nd1 Qd7 29. Ne3 Rc8 30. Rc1 Kg7 31. Rc3 Rh8 32. b4 a6 33. Rd1 Qd8 34. Nxf5+ gxf5 35. Qc2 Kg6 36. a4 Qb6 37. Rb3 f6 38. Qc5 Qxc5 39. bxc5 Rhh7 1/2-1/2

[Event "CAN-ch U20 2000"]
[Site "Montreal CAN"]
[Date "2000.05.06"]
[Round "7"]
[White "Lentini, Joseph"]
[Black "Masse, Hugues"]
[Result "1-0"]
[WhiteElo "2130"]
[BlackElo "2042"]
[PlyCount "43"]
[GameId "2160767911724479"]
[EventDate "2000.05.03"]
[EventType "swiss"]
[EventRounds "8"]
[EventCountry "CAN"]

1. e4 c5 2. Nf3 d6 3. d3 g6 4. g3 Bg7 5. Bg2 Nc6 6. O-O e6 7. Re1 Nge7 8. Nbd2 O-O 9. a4 Nd4 10. c3 Nxf3+ 11. Nxf3 Nc6 12. Be3 Qc7 13. Rb1 a6 14. Qd2 Re8 15. b4 cxb4 16. cxb4 a5 17. b5 Nb4 18. Rec1 Qb8 19. Bb6 Bf8 20. Bc7 Qa7 21. b6 Qa6 22. Bf1 1-0

[Event "CAN-ch U20 2000"]
[Site "Montreal CAN"]
[Date "2000.05.06"]
[Round "7"]
[White "Liu, Ming"]
[Black "Robichaud, Martin"]
[Result "1/2-1/2"]
[WhiteElo "1303"]
[BlackElo "1945"]
[PlyCount "109"]
[GameId "2160767911724480"]
[EventDate "2000.05.03"]
[EventType "swiss"]
[EventRounds "8"]
[EventCountry "CAN"]

1. e4 Nf6 2. e5 Nd5 3. d4 d6 4. c4 Nb6 5. f4 dxe5 6. fxe5 Bf5 7. Nc3 e6 8. Nf3 Be7 9. Be3 O-O 10. Bd3 Bxd3 11. Qxd3 h6 12. O-O Nc6 13. a3 Na5 14. Nd2 Bg5 15. Bxg5 Qxg5 16. b4 Nc6 17. Nf3 Qg4 18. c5 Nd5 19. h3 Nf4 20. hxg4 Nxd3 21. g3 Rad8 22. Ne2 Nb2 23. Ra2 Nc4 24. Kf2 b5 25. cxb6 cxb6 26. b5 Ne7 27. Rc1 Rc8 28. a4 Na5 29. Rac2 Rxc2 30. Rxc2 Rc8 31. Rxc8+ Nxc8 32. Nd2 Ne7 33. Nf4 g5 34. Ne2 Nd5 35. Kf3 Kg7 36. Ke4 Kg6 37. Kd3 h5 38. gxh5+ Kxh5 39. Ne4 Nb7 40. Nd6 Nxd6 41. exd6 Nf6 42. Nc3 Nd7 43. Ke4 Kg4 44. Ne2 f6 45. Ke3 f5 46. Kf2 e5 47. dxe5 Nxe5 48. Nd4 f4 49. gxf4 Kxf4 50. Nc6 Nd7 51. Nxa7 Ke5 52. Nc8 Kd5 53. Nxb6+ Nxb6 54. a5 Kxd6 55. axb6 1/2-1/2

[Event "CAN-ch U20 2000"]
[Site "Montreal CAN"]
[Date "2000.05.06"]
[Round "7"]
[White "Michalowski, Lukasz"]
[Black "Perecowicz, Jonathan"]
[Result "1-0"]
[WhiteElo "1867"]
[BlackElo "1286"]
[PlyCount "73"]
[GameId "2160767911724481"]
[EventDate "2000.05.03"]
[EventType "swiss"]
[EventRounds "8"]
[EventCountry "CAN"]

1. d4 Nf6 2. c4 g6 3. Nc3 Bg7 4. e4 d6 5. Nf3 O-O 6. Be2 e5 7. O-O Bd7 8. Re1 Nc6 9. d5 Nb8 10. b4 c6 11. Qc2 Na6 12. a3 Nc7 13. a4 Rc8 14. Qd3 cxd5 15. cxd5 Na6 16. Ba3 Bh6 17. Nd2 Qb6 18. Reb1 Bg4 19. Bf1 Nh5 20. g3 Qd4 21. Nc4 Qxd3 22. Bxd3 f5 23. Bf1 f4 24. Nb5 fxg3 25. hxg3 Rf6 26. Nbxd6 Rcf8 27. Ra2 Bd7 28. b5 Nc7 29. Nxb7 Rb8 30. Nbd6 Na8 31. Nxe5 Rd8 32. Nb7 Rb8 33. Nxd7 Rxb7 34. Nxf6+ Nxf6 35. Bg2 a6 36. e5 Ng4 37. e6 1-0

[Event "CAN-ch U20 2000"]
[Site "Montreal CAN"]
[Date "2000.05.06"]
[Round "7"]
[White "Miron, Francois"]
[Black "Buscar, Michael"]
[Result "1-0"]
[WhiteElo "1969"]
[BlackElo "2081"]
[PlyCount "81"]
[GameId "2160767911724482"]
[EventDate "2000.05.03"]
[EventType "swiss"]
[EventRounds "8"]
[EventCountry "CAN"]

1. e4 e5 2. d4 exd4 3. Nf3 Nc6 4. Bc4 Bb4+ 5. c3 Be7 6. O-O d6 7. Qb3 Be6 8. Bxe6 fxe6 9. Qxe6 Qd7 10. Nxd4 Nf6 11. Re1 O-O-O 12. Na3 Rhe8 13. Qxd7+ Kxd7 14. f3 Bf8 15. Bg5 Ne5 16. Bxf6 gxf6 17. Nf5 c6 18. Rad1 Kc7 19. Nc2 d5 20. exd5 cxd5 21. Ncd4 Bc5 22. Kf1 Kb8 23. Ng7 Rg8 24. Nde6 Rd6 25. f4 Nc6 26. Nxc5 Rxg7 27. Re8+ Rd8 28. Rxd8+ Nxd8 29. Rxd5 Nc6 30. Ne4 a6 31. Rf5 Rd7 32. Rxf6 Rd1+ 33. Ke2 Rb1 34. b4 Rb2+ 35. Kf3 Rxa2 36. Rh6 Ra3 37. Kg4 a5 38. bxa5 Ra4 39. Kf3 Rxa5 40. Rxh7 Rb5 41. h4 1-0

[Event "CAN-ch U20 2000"]
[Site "Montreal CAN"]
[Date "2000.05.06"]
[Round "7"]
[White "Nathani, Kaleim"]
[Black "Hare, Scott"]
[Result "1/2-1/2"]
[WhiteElo "1909"]
[BlackElo "1967"]
[PlyCount "92"]
[GameId "2160767911724483"]
[EventDate "2000.05.03"]
[EventType "swiss"]
[EventRounds "8"]
[EventCountry "CAN"]

1. e4 e6 2. d4 d5 3. e5 c5 4. c3 Nc6 5. Nf3 Qb6 6. a3 cxd4 7. cxd4 Nh6 8. b4 Nf5 9. Bb2 Be7 10. Bd3 Bd7 11. Bc2 O-O 12. O-O a5 13. Bxf5 exf5 14. Nc3 Be6 15. b5 Na7 16. a4 Rac8 17. Qd3 Rc4 18. Nd1 f4 19. Nd2 Rc7 20. Ba3 Bxa3 21. Rxa3 f6 22. Nf3 fxe5 23. dxe5 Nc8 24. Ng5 g6 25. Nxe6 Qxe6 26. Qd4 Rc4 27. Qd2 b6 28. Nb2 Re4 29. Nd3 f3 30. Ne1 fxg2 31. Nxg2 Qxe5 32. Rd3 d4 33. Qa2+ Kg7 34. Rd2 Qd6 35. Rfd1 Ne7 36. Qb1 Qd5 37. Qa1 Rg4 38. f4 Nf5 39. Qa2 Qxa2 40. Rxa2 Rd8 41. Kf2 Nh4 42. Nxh4 Rxh4 43. Kg3 Rh5 44. Rad2 Rhd5 45. Kf3 Kf6 46. Ke4 Ke6 1/2-1/2

[Event "CAN-ch U20 2000"]
[Site "Montreal CAN"]
[Date "2000.05.06"]
[Round "7"]
[White "Olson, Hans"]
[Black "Vaingorten, Yaaqov"]
[Result "1/2-1/2"]
[WhiteElo "2022"]
[BlackElo "2253"]
[PlyCount "154"]
[GameId "2160767911724484"]
[EventDate "2000.05.03"]
[EventType "swiss"]
[EventRounds "8"]
[EventCountry "CAN"]

1. e4 e6 2. d4 d5 3. exd5 exd5 4. Bd3 Bd6 5. h3 Nc6 6. Nf3 Nge7 7. c3 O-O 8. O-O Bf5 9. Bg5 f6 10. Be3 Qd7 11. Bxf5 Qxf5 12. Nbd2 Rfe8 13. Nh4 Qe6 14. Re1 Nf5 15. Nxf5 Qxf5 16. Nf3 Ne7 17. Nh4 Qd7 18. Qg4 Qxg4 19. hxg4 g6 20. Re2 b5 21. Rae1 Nc6 22. g3 Bf8 23. g5 fxg5 24. Bxg5 Rxe2 25. Rxe2 Kf7 26. Bf4 Rc8 27. Nf3 Be7 28. Ng5+ Bxg5 29. Bxg5 Re8 30. Rxe8 Kxe8 31. Bf4 Kd7 32. Kg2 b4 33. Kf3 bxc3 34. bxc3 Nd8 35. Kg4 Nf7 36. Bc1 Ke6 37. Bf4 c6 38. Bb8 a6 39. f4 h5+ 40. Kf3 Kf5 41. Bc7 Nh6 42. Bd8 Ke6 43. Bg5 Nf5 44. Bd8 Nh6 45. Bg5 Nf7 46. g4 hxg4+ 47. Kxg4 Nd6 48. Bd8 Ne4 49. Ba5 Kf6 50. Bd8+ Kf7 51. Ba5 Nd6 52. Bb4 Nf5 53. Ba5 Ng7 54. Bb6 Nf5 55. Ba5 Nd6 56. Bb4 Ne4 57. f5 g5 58. Ba5 Kg7 59. a3 Kf7 60. Bd8 Nxc3 61. Bb6 Ne4 62. Bd8 Nd6 63. a4 Ne4 64. Bxg5 Nc3 65. a5 Nb5 66. Be3 Nd6 67. Bf2 Kf6 68. Bh4+ Kf7 69. Kf4 Nc4 70. Bd8 Ke8 71. Bb6 Kf7 72. Kg5 Nd2 73. Kf4 Nc4 74. Kg4 Kf6 75. Bd8+ Kg7 76. Kg5 Nd6 77. Kf4 Kf7 1/2-1/2

[Event "CAN-ch U20 2000"]
[Site "Montreal CAN"]
[Date "2000.05.06"]
[Round "7"]
[White "Pescarus, Radu"]
[Black "Caire, Francois"]
[Result "1/2-1/2"]
[WhiteElo "2005"]
[BlackElo "1799"]
[PlyCount "84"]
[GameId "2160767911724485"]
[EventDate "2000.05.03"]
[EventType "swiss"]
[EventRounds "8"]
[EventCountry "CAN"]

1. e4 c5 2. Nc3 Nc6 3. f4 g6 4. Nf3 Bg7 5. Bb5 Nd4 6. Bd3 d6 7. Nxd4 cxd4 8. Ne2 e6 9. O-O Ne7 10. Kh1 O-O 11. c3 dxc3 12. dxc3 d5 13. e5 f6 14. exf6 Bxf6 15. Be3 Nf5 16. Bxf5 gxf5 17. Bd4 Bd7 18. Ng1 Bxd4 19. Qxd4 Qf6 20. Nf3 Qxd4 21. Nxd4 Kf7 22. Rae1 Rg8 23. Re3 Rae8 24. Nf3 Kf6 25. Rfe1 Bc6 26. Nd4 Bd7 27. Kg1 Rg4 28. g3 Rg7 29. Kf2 Rge7 30. Nf3 Bb5 31. Ne5 Bc4 32. Nxc4 dxc4 33. Rd1 Rc7 34. Re5 Ree7 35. Re2 Rc6 36. Red2 Ra6 37. a3 Rb6 38. Re1 Rc7 39. Re5 Ke7 40. Rde2 Kf6 41. Rd2 Ke7 42. Rde2 Kf6 1/2-1/2

[Event "CAN-ch U20 2000"]
[Site "Montreal CAN"]
[Date "2000.05.06"]
[Round "7"]
[White "Ramaswamy, Kiran"]
[Black "Reddy, Tyler"]
[Result "0-1"]
[WhiteElo "1714"]
[BlackElo "2185"]
[PlyCount "110"]
[GameId "2160767911724486"]
[EventDate "2000.05.03"]
[EventType "swiss"]
[EventRounds "8"]
[EventCountry "CAN"]

1. c4 c5 2. Nc3 g6 3. g3 Bg7 4. Bg2 Nc6 5. Nf3 e5 6. O-O Nge7 7. b3 O-O 8. Bb2 f5 9. d3 d6 10. Qd2 h6 11. Ne1 f4 12. Nc2 g5 13. f3 Be6 14. e3 Ng6 15. Qe2 fxe3 16. Qxe3 Nd4 17. Qd2 Nf5 18. Rae1 Qd7 19. Ne4 Rab8 20. b4 b5 21. bxc5 bxc4 22. Ba3 cxd3 23. Qxd3 Qf7 24. Nxd6 Nxd6 25. Qxd6 Rfd8 26. Qa6 Bc4 27. Qa5 Bxf1 28. Rxf1 Qxa2 29. Nb4 Qd2 30. c6 Qe3+ 31. Kh1 Qb6 32. Qxb6 Rxb6 33. c7 Rc8 34. Nd5 Ra6 35. Be7 Ra5 36. f4 Rxc7 37. Nxc7 Nxe7 38. f5 Bf6 39. g4 Ra4 40. h3 e4 41. Ne8 Be5 42. f6 Kf7 43. fxe7+ Kxe8 44. Re1 Kxe7 45. Bxe4 Kd6 46. Rd1+ Rd4 47. Rxd4+ Bxd4 48. Kg2 a5 49. Kf3 a4 50. Bh7 a3 51. Bg8 Kc5 52. Ke4 Bf2 53. Kf5 Kd4 54. Kg6 Kc3 55. Kxh6 Bh4 0-1

[Event "CAN-ch U20 2000"]
[Site "Montreal CAN"]
[Date "2000.05.06"]
[Round "7"]
[White "Ramaswamy, Kishor"]
[Black "Raheb, David"]
[Result "0-1"]
[WhiteElo "1525"]
[BlackElo "2148"]
[PlyCount "136"]
[GameId "2160767911724487"]
[EventDate "2000.05.03"]
[EventType "swiss"]
[EventRounds "8"]
[EventCountry "CAN"]

1. d4 d5 2. c4 c6 3. Nc3 Nf6 4. Nf3 e6 5. Bg5 h6 6. Bh4 dxc4 7. a4 Bb4 8. e3 b5 9. Be2 Bb7 10. O-O a6 11. Qc2 O-O 12. b3 g5 13. Bg3 Bxc3 14. Qxc3 Ne4 15. Qc2 Nxg3 16. hxg3 cxb3 17. Qxb3 Nd7 18. Ne5 Nxe5 19. dxe5 Qd5 20. Qc3 f6 21. exf6 Qf5 22. Rad1 Qxf6 23. Qxf6 Rxf6 24. Rd7 Rb8 25. Bg4 c5 26. axb5 axb5 27. Rc7 c4 28. Rb1 Be4 29. Rb4 Bd3 30. Rc5 e5 31. Rcxb5 Rxb5 32. Rxb5 Rc6 33. Rxe5 c3 34. Bd1 Kg7 35. Kh2 c2 36. Bxc2 Rxc2 37. Kg1 Kf6 38. Ra5 Rb2 39. Rd5 Bf5 40. Rd6+ Be6 41. f4 Re2 42. g4 Ke7 43. Rb6 Rxe3 44. f5 Bd5 45. Kf2 Rb3 46. Rxh6 Rb2+ 47. Kg3 Rxg2+ 48. Kh3 Rg1 49. Rg6 Bf3 50. Rxg5 Kf6 51. Rg8 Ke5 52. Rb8 Kf4 53. Rb4+ Be4 54. Rb2 Rg3+ 55. Kh4 Rxg4+ 56. Kh5 Rg5+ 57. Kh6 Rxf5 58. Kg7 Kg5 59. Rb6 Ra5 60. Kf7 Re5 61. Rd6 Bd5+ 62. Kg7 Be6 63. Rd1 Bg4 64. Ra1 Re7+ 65. Kf8 Rb7 66. Ra5+ Kf6 67. Ra8 Be6 68. Ke8 Rh7 0-1

[Event "CAN-ch U20 2000"]
[Site "Montreal CAN"]
[Date "2000.05.07"]
[Round "8"]
[White "Buscar, Michael"]
[Black "Caire, Francois"]
[Result "1/2-1/2"]
[WhiteElo "2081"]
[BlackElo "1799"]
[PlyCount "53"]
[GameId "2160767911724492"]
[EventDate "2000.05.03"]
[EventType "swiss"]
[EventRounds "8"]
[EventCountry "CAN"]

1. d4 Nf6 2. Nf3 d5 3. Bg5 Ne4 4. Bf4 c5 5. c3 Qb6 6. Qb3 c4 7. Qxb6 axb6 8. Nbd2 Bf5 9. e3 Nd7 10. Ne5 Nxe5 11. Bxe5 f6 12. Bg3 e6 13. Nxe4 Bxe4 14. f3 Bg6 15. Be2 b5 16. Kd2 Kd7 17. Bd1 Be7 18. Bc2 Bxc2 19. Kxc2 b4 20. e4 Ra6 21. cxb4 Bxb4 22. Be1 Bd6 23. Bc3 Rha8 24. a3 b5 25. Rab1 Rb6 26. Bb4 Bxb4 27. axb4 1/2-1/2

[Event "CAN-ch U20 2000"]
[Site "Montreal CAN"]
[Date "2000.05.07"]
[Round "8"]
[White "Cormos, Eugene"]
[Black "Lentini, Joseph"]
[Result "1-0"]
[WhiteElo "2069"]
[BlackElo "2130"]
[PlyCount "77"]
[GameId "2160767911724494"]
[EventDate "2000.05.03"]
[EventType "swiss"]
[EventRounds "8"]
[EventCountry "CAN"]

1. e4 c5 2. c3 d5 3. exd5 Qxd5 4. d4 Nc6 5. Nf3 Bg4 6. Be2 e6 7. Be3 cxd4 8. cxd4 Bb4+ 9. Nc3 Nf6 10. O-O Bxc3 11. bxc3 O-O 12. h3 Bf5 13. Nd2 Rac8 14. Qa4 Qd7 15. Rfd1 Rfd8 16. Rac1 Nd5 17. Qa3 Qe7 18. Qb2 b6 19. Nf3 e5 20. Ba6 Rc7 21. Bg5 f6 22. Bh4 e4 23. Re1 Qf7 24. Nd2 Qg6 25. Bg3 Rcd7 26. Bb5 Nde7 27. d5 Rxd5 28. Bc4 Kh8 29. Bxd5 Nxd5 30. Nc4 Bxh3 31. Qb5 f5 32. Red1 a6 33. Ne5 Nxe5 34. Rxd5 Re8 35. Qb4 Nf3+ 36. gxf3 Qh5 37. Re5 Rg8 38. Qxe4 Qg5 39. Qf4 1-0

[Event "CAN-ch U20 2000"]
[Site "Montreal CAN"]
[Date "2000.05.07"]
[Round "8"]
[White "Gottlieb, Jonathan"]
[Black "Kenney, Jason"]
[Result "1-0"]
[WhiteElo "2143"]
[BlackElo "1907"]
[PlyCount "35"]
[GameId "2160767911724496"]
[EventDate "2000.05.03"]
[EventType "swiss"]
[EventRounds "8"]
[EventCountry "CAN"]

1. e4 c5 2. Nf3 Nc6 3. d4 cxd4 4. Nxd4 g6 5. Nc3 Bg7 6. Be3 Nf6 7. f3 O-O 8. Qd2 d5 9. O-O-O Nxd4 10. e5 Nd7 11. Bxd4 Nxe5 12. Qe3 Nc6 13. Bxg7 Kxg7 14. Nxd5 Qa5 15. Bc4 Be6 16. b4 Nxb4 17. Qe5+ Kh6 18. Rd4 1-0

[Event "CAN-ch U20 2000"]
[Site "Montreal CAN"]
[Date "2000.05.07"]
[Round "8"]
[White "Guo, Joshua"]
[Black "Gushuliak, Justin"]
[Result "1/2-1/2"]
[WhiteElo "2202"]
[BlackElo "2097"]
[PlyCount "32"]
[GameId "2160767911724497"]
[EventDate "2000.05.03"]
[EventType "swiss"]
[EventRounds "8"]
[EventCountry "CAN"]

1. e4 c5 2. c3 d5 3. exd5 Qxd5 4. d4 Nf6 5. Nf3 Bg4 6. Be2 e6 7. h3 Bh5 8. Be3 cxd4 9. cxd4 Nc6 10. Nc3 Qd6 11. g4 Bg6 12. Ne5 Be7 13. Nxg6 hxg6 14. Bf3 Rd8 15. Qa4 O-O 16. O-O-O Qb4 1/2-1/2

[Event "CAN-ch U20 2000"]
[Site "Montreal CAN"]
[Date "2000.05.07"]
[Round "8"]
[White "Hare, Scott"]
[Black "Liu, Ming"]
[Result "1-0"]
[WhiteElo "1967"]
[BlackElo "1303"]
[PlyCount "79"]
[GameId "2160767911724498"]
[EventDate "2000.05.03"]
[EventType "swiss"]
[EventRounds "8"]
[EventCountry "CAN"]

1. d4 d5 2. c4 c6 3. Nc3 Nf6 4. Nf3 Bf5 5. e3 Nbd7 6. Be2 e6 7. O-O Bd6 8. Qb3 Qc7 9. c5 Be7 10. Ne1 b6 11. cxb6 axb6 12. Bd3 Bd6 13. h3 Bg6 14. Bxg6 hxg6 15. f4 Ke7 16. Bd2 Rh5 17. Rc1 Ne4 18. Nxe4 dxe4 19. Bb4 c5 20. dxc5 bxc5 21. Bd2 Rah8 22. Qc4 f5 23. b4 Nb6 24. Qc3 Nd7 25. Qxg7+ Kd8 26. bxc5 Bxc5 27. Qxg6 e5 28. Qg3 Nf6 29. Bb4 exf4 30. Rxf4 Rg8 31. Qf2 Rxh3 32. Rxc5 Qh7 33. Qd2+ Nd7 34. Ba5+ Ke7 35. Rc7 Rh1+ 36. Kf2 Rd8 37. Bb4+ Ke8 38. Qd6 Rh6 39. Rxd7 Rxd7 40. Qf8# 1-0

[Event "CAN-ch U20 2000"]
[Site "Montreal CAN"]
[Date "2000.05.07"]
[Round "8"]
[White "Johnson, Kyle"]
[Black "Robichaud, Martin"]
[Result "0-1"]
[WhiteElo "1584"]
[BlackElo "1945"]
[PlyCount "108"]
[GameId "2160767911724499"]
[EventDate "2000.05.03"]
[EventType "swiss"]
[EventRounds "8"]
[EventCountry "CAN"]

1. e4 c6 2. d4 d5 3. Nd2 dxe4 4. Nxe4 Nf6 5. Nxf6+ exf6 6. Nf3 Bd6 7. Bd3 Bg4 8. c3 O-O 9. O-O Qc7 10. h3 Bh5 11. Re1 Nd7 12. Qc2 Bg6 13. Bd2 Rfe8 14. Bxg6 fxg6 15. Qb3+ Kh8 16. Nh4 Nf8 17. c4 Qd7 18. Nf3 Rad8 19. c5 Bb8 20. Ba5 Bc7 21. Bxc7 Qxc7 22. Rxe8 Rxe8 23. Qc3 g5 24. Nd2 Qf4 25. Nc4 Re2 26. Rf1 h5 27. Qd3 Qe4 28. Rd1 Re1+ 29. Rxe1 Qxd3 30. Rc1 Ne6 31. Nd6 Nxd4 32. Kh2 Qd2 33. Rf1 Qxb2 34. Nf7+ Kg8 35. Nd6 Qxa2 36. Kg1 g4 37. hxg4 hxg4 38. Ne4 f5 39. Ng5 Qd2 40. f4 gxf3 41. Nxf3 Nxf3+ 42. Rxf3 Qd4+ 43. Kh2 Qxc5 44. Kh3 g5 45. Rd3 g4+ 46. Kg3 Qe5+ 47. Kf2 Qf4+ 48. Kg1 g3 49. Rf3 Qc1+ 50. Rf1 Qe3+ 51. Kh1 Qf2 52. Rd1 Qc2 53. Rf1 b5 54. Ra1 b4 0-1

[Event "CAN-ch U20 2000"]
[Site "Montreal CAN"]
[Date "2000.05.07"]
[Round "8"]
[White "Khaziyeva, Dinara"]
[Black "Olson, Hans"]
[Result "1-0"]
[WhiteElo "1912"]
[BlackElo "2022"]
[PlyCount "61"]
[GameId "2160767911724500"]
[EventDate "2000.05.03"]
[EventType "swiss"]
[EventRounds "8"]
[EventCountry "CAN"]

1. c4 Nf6 2. Nc3 e5 3. g3 c6 4. d3 Bb4 5. Bd2 O-O 6. Bg2 Re8 7. Nf3 b6 8. O-O Bb7 9. Rb1 d5 10. Nxd5 cxd5 11. Bxb4 Na6 12. Ba3 e4 13. Nd4 dxc4 14. dxc4 Rc8 15. Nb5 Qxd1 16. Rfxd1 Ra8 17. Nd6 Re7 18. Rd4 Nc5 19. Nxb7 Rxb7 20. Bxc5 bxc5 21. Rxe4 Nxe4 22. Bxe4 Rab8 23. Bxb7 Rxb7 24. b3 Rd7 25. Rb2 Kf8 26. Kg2 Ke7 27. Kf3 Ke6 28. Ke3 Rd6 29. Rd2 Ra6 30. Kd3 g5 31. Kc3 1-0

[Event "CAN-ch U20 2000"]
[Site "Montreal CAN"]
[Date "2000.05.07"]
[Round "8"]
[White "Masse, Hugues"]
[Black "Nathani, Kaleim"]
[Result "0-1"]
[WhiteElo "2042"]
[BlackElo "1909"]
[PlyCount "50"]
[GameId "2160767911724501"]
[EventDate "2000.05.03"]
[EventType "swiss"]
[EventRounds "8"]
[EventCountry "CAN"]

1. e4 d5 2. exd5 Nf6 3. d4 Bg4 4. Be2 Bxe2 5. Nxe2 Qxd5 6. O-O Nc6 7. b3 O-O-O 8. c4 Qf5 9. Be3 e6 10. Nd2 h5 11. a3 h4 12. b4 h3 13. g3 Ne4 14. f4 Nxd2 15. Qxd2 Rh6 16. b5 Nb8 17. Qc3 Be7 18. Qb3 Nd7 19. Rad1 Nf6 20. Nc3 Ng4 21. Bf2 Bf6 22. d5 Bxc3 23. Bxa7 Qe4 24. Qa2 b6 25. Rc1 Bd4+ 0-1